• 首页
  • 本馆介绍
  • 公告通知
  • 最新文献
  • 馆藏检索
  • 电子资源
  • 读者导购
  • 参考咨询
  • 我的图书馆
  • 登录
  • 详细信息显示
  • 放入我的书架
  • 预约/预借图书
  • 作者相关作品
  • 分类相关作品
  • 丛书相关作品
  • 出版社相关作品

书目信息

  • 表格格式
  • 工作单格式
  • 卡片格式
题名:
药物分析技术
    
 
作者: 王艳秋 主编
分册:  
出版信息: 北京   科学出版社  2015.12
页数: 218页
开本: 26cm
丛书名:
单 册:
中图分类: R917
科图分类:
主题词: 药物分析--职业教育--教材
电子资源:
ISBN: 978-7-03-046558-0
000 00930nam0 2200265 450
001 175
005 20180921110731.10
010    @a978-7-03-046558-0@dCNY48.00
100    @a20160122d2015 em y0chiy50 ea
101 0  @achi
102    @aCN@b110000
105    @aa az 000yy
200 1  @a药物分析技术@9yao wu fen xi ji shu@b专著@f王艳秋主编
205    @a2版
210    @a北京@c科学出版社@d2015.12
215    @a218页@c图@d26cm
300    @a中等卫生职业教育规划教材
300    @a供药剂、制药技术、药品食品检验及相关专业使用
320    @a有书目(第211页)
330    @a本书分2篇,共计14章。主要阐述了药品的质量标准和药典及药物的鉴别、检查、含量测定等分析方法,介绍了常用药物的结构特点、理化性质与质量分析方法,培养学生运用理论知识解决药物分析中常见问题的能力。
606 0  @a药物分析@x职业教育@j教材
690    @aR917@v5
701  0 @a王艳秋@9wang yan qiu@4主编
801  0 @aCN@b91MARC@c20160516
905    @aMuseLib@dR917@e139=2
    
    药物分析技术/王艳秋主编.-2版.-北京:科学出版社,2015.12
    218页:图;26cm
    中等卫生职业教育规划教材.-供药剂、制药技术、药品食品检验及相关专业使用
    
    ISBN 978-7-03-046558-0:CNY48.00
    本书分2篇,共计14章。主要阐述了药品的质量标准和药典及药物的鉴别、检查、含量测定等分析方法,介绍了常用药物的结构特点、理化性质与质量分析方法,培养学生运用理论知识解决药物分析中常见问题的能力。
●
相关链接 在E读中查询图书 在五车中查询图书 在当当中查询图书 在豆瓣中查询图书


正题名:药物分析技术     索取号:R917/139=2         预约/预借

序号 登录号 条形码 馆藏地/架位号 状态 备注
1 1118609   211186090   第二样本阅览室/ [索取号:R917/139=2] 在馆    
2 1118610   211186107   第三借阅区/ [索取号:R917/139=2] 在馆    
3 1118611   211186116   第三借阅区/ [索取号:R917/139=2] 在馆    
4 1118612   211186125   第三借阅区/ [索取号:R917/139=2] 在馆    
5 1118613   211186134   第三借阅区/ [索取号:R917/139=2] 在馆    
唐山师范学院图书馆 欢迎您!
大连网信软件有限公司© 版权所有